| 000 | 00964nam a2200289 a 4500 | ||
|---|---|---|---|
| 001 | 47723 | ||
| 003 | BD-RjUL | ||
| 005 | 20211209054358.0 | ||
| 008 | 160809s1978 vaua b 001 0 eng | ||
| 020 | _a0835953653 | ||
| 035 | _a(BD-RjUL)47842 | ||
| 040 |
_aDLC _cDLC _dDLC _dBD-RjUL _beng |
||
| 041 | _aeng | ||
| 082 | 0 | 0 |
_a371.9 _bBAO 1978 |
| 100 | 1 |
_aBaren, Martin. _9144955 |
|
| 245 | 1 | 0 |
_aOvercoming learning disabilities : _ba team approach (parent-teacher-physician-child) / _cMartin Baren, Robert Liebl, Lendon Smith. |
| 260 |
_aReston, Va. : _bReston Pub. Co., _cc1978. |
||
| 300 |
_axvii, 302 p. : _bill. ; _c24 cm. |
||
| 500 | _aIncludes index. | ||
| 504 | _aBibliography: p. 293-298. | ||
| 650 | 0 |
_aLearning disabled children _xEducation. _9140389 |
|
| 650 | 0 |
_aTeaching teams. _9144956 |
|
| 700 | 1 |
_aLiebl, Robert, _ejoint author. _9144957 |
|
| 700 | 1 |
_aSmith, Lendon H., _d1921- _ejoint author. _9144958 |
|
| 942 |
_2ddc _cBK |
||
| 999 |
_c47723 _d47723 |
||